| 000 -ლიდერი |
| ფიქსირებული სიგრძის საკონტროლო ველი |
01385nam a2200289Ia 4500 |
| 001 - საკონტროლო ნომერი |
| საკონტროლო ველი |
23496 |
| 003 - საკონტროლო ნომრის იდენტიფიკატორი |
| საკონტროლო ველი |
GE_BSU |
| 005 - ბოლო ოპერაციის თარიღი და დრო |
| საკონტროლო ველი |
20241015095447.0 |
| 008 - ფიქსირებული სიგრძის მონაცემთა ელემენტები - ზოგადი ინფორმაცია |
| ფიქსირებული სიგრძის საკონტროლო ველი |
181216s2007||||ge |||||||||||||| ||geo|| |
| 020 ## - წიგნის საერთაშორისო სტანდარტული ნომერი |
| International Standard Book Number |
9789992806869 |
| 040 ## - კატალოგიზაციის წყარო |
| Transcribing agency |
GE_BSU |
| 041 ## - ენის კოდი |
| Language code of text/sound track or separate title |
geo |
| 080 ## - უნივერსალური ათობითი კლასიფიკაციის ინდექსი |
| Universal Decimal Classification number |
94(479.22)(093):930.2:003.074(=353.1) კ-45 |
| 100 ## - მთავარი ჩანაწერი - პიროვნების სახელი |
| Personal name |
კვერენჩხილაძე, რევაზ |
| 9 (RLIN) |
11513 |
| 245 ## - ცნობა სათაურის შესახებ |
| Title |
საბუთები ღაღადებენ... |
| Statement of responsibility, etc |
რევაზ კვერენჩხილაძე; [რედ. გიორგი ციციშვილი; მხატვ. მალხაზ თავაძე]. |
| 264 ## - წარმოების, გამოცემის, დისტრიბუციის და სხვა ცნობები |
| გამოცემის, წარმოების, დისტრიბუციის... ადგილი |
თბილისი, |
| გამოცემის, წარმოების, დისტრიბუციის... თარიღი |
2007. |
| 300 ## - ფიზიკური აღწერა |
| Extent |
404 გვ. : |
| Other physical details |
ფოტ. ; |
| Dimensions |
20 სმ. |
| 504 ## - BIBLIOGRAPHY, ETC. NOTE |
| Bibliography, etc |
ბიბლიოგრ.: გვ. 393-402. |
| 653 ## - INDEX TERM--UNCONTROLLED |
| Uncontrolled term |
ისტორია |
| 653 ## - INDEX TERM--UNCONTROLLED |
| Uncontrolled term |
ქართული ისტორიული წყაროები |
| 653 ## - INDEX TERM--UNCONTROLLED |
| Uncontrolled term |
ქართული საარქივო დოკუმენტები |
| 700 ## - ADDED ENTRY--PERSONAL NAME |
| Personal name |
ციციშვილი, გიორგი |
| Relator term |
რედაქტორი |
| 9 (RLIN) |
6830 |
| 700 ## - ADDED ENTRY--PERSONAL NAME |
| Personal name |
თავაძე, მალხაზ |
| Relator term |
მხატვარი |
| 9 (RLIN) |
23392 |
| 856 ## - ELECTRONIC LOCATION AND ACCESS |
| Uniform Resource Identifier |
https://dspace.nplg.gov.ge/bitstream/1234/400154/1/Sabutebi_Ghaghadeben_2007.pdf |
| Link text |
ელ. ვერსია |
| 942 ## - ADDED ENTRY ELEMENTS (KOHA) |
| Koha item type |
წიგნი |
| Source of classification or shelving scheme |
|